| 000 | 00422pab a2200133 454500 | ||
|---|---|---|---|
| 008 | 180718b xxu||||| |||| 00| 0 eng d | ||
| 100 | _aShrestha, Rajendra B | ||
| 245 | _aAdoption and diffusion of drip irrigation technolgy: an econometric analysis | ||
| 650 | _a Drip Irrigation Technolgy | ||
| 650 | _aIrrigation | ||
| 700 | _aGopalakrishnan, Chennat | ||
| 773 | _aEconomic development and Cultural change | ||
| 909 | _a23758 | ||
| 999 |
_c23758 _d23758 |
||